[Event "GCT Sinquefield Cup 2021"]
[Site "Saint Louis"]
[Date "2021.08.19"]
[Round "3.2"]
[White "Mamedyarov, Shakhriyar"]
[Black "Rapport, Richard"]
[Result "1-0"]
[WhiteElo "2782"]
[BlackElo "2763"]
[Annotator "TA"]
[PlyCount "107"]
[EventDate "2021.08.17"]
[EventType "tourn"]
[EventCountry "USA"]
[SourceTitle "playchess.com"]
[Source "ChessBase"]
[SourceQuality "1"]

{[%evp 23,107,16,62,5,0,0,0,0,0,0,0,0,0,-2,-14,-58,0,-22,0,0,0,7,12,17,22,0,0,
0,0,-3,-2,-2,-3,-7,-3,-8,0,0,0,0,1,0,46,0,4,0,87,0,0,-20,-20,-18,-18,-14,15,
-44,187,0,838,823,883,890,890,890,569,532,1516,1222,29975,29976,29976,29977,
29977,29978,29983,29984,29984,29985,29985,29986,29986,29987,29987,29988,29988,
29987]} 1. d4 Nf6 2. c4 e6 3. Nf3 d5 4. Nc3 c6 5. e3 Nbd7 6. Bd3 dxc4 7. Bxc4
b5 8. Bd3 a6 9. e4 c5 10. e5 cxd4 11. Nxb5 axb5 {11...axb5 scores better than
11...Nxe5.} 12. exf6 Qb6 (12... Qxf6 $2 13. Bg5 $18) 13. O-O {D49: Semi-Slav:
Meran System: Main line with 9 e4 c5 10 e5 cxd4 11 Nxb5.} (13. fxg7 $1 $14 Bxg7
14. O-O) 13... Nxf6 $11 14. Nxd4 Bd7 $1 15. Nf3 {The position is equal.} Bd6
16. Be3 Qb8 17. Bd4 O-O 18. Re1 Rd8 {[#]} 19. Rc1 $146 ({Predecessor:} 19. Qc2
h6 20. Rad1 Be7 21. b3 Be8 22. Qe2 Qb7 23. Ba1 Qa7 24. Bb1 Rxd1 25. Rxd1 {
1/2-1/2 (49) Schoen,W (2390)-Kreutzkamp,R (2265) Germany 1995}) 19... Rxa2 (
19... Be8 $1 $15) 20. Bb1 (20. Ng5 $5 {[%cal Rd4f6]} Bxh2+ 21. Kh1 $17) 20...
Ra6 21. Bxf6 gxf6 22. Qd4 $1 {[%cal Rd4f6]} Kg7 23. Qg4+ Kf8 24. Qh4 Ke7 25. g3
(25. Qxh7 $2 Rh8 $19) 25... Ra4 26. Qxh7 Rh8 27. Qd3 Qb6 28. Rcd1 Bc8 29. Bc2
$132 {[%mdl 2048] White puts up resistance} Rg4 30. Nd4 {Nf5+ is the strong
threat.} Be5 31. Nxb5 Qc5 32. Nc3 Kf8 (32... Rd4 $5 {[%cal Rd4d3]} 33. Qe3 Rc4
$14) 33. Ne4 Qc6 34. b4 {Hoping for b5.} Ba6 (34... Kg7 $11) 35. Qf3 (35. Qa3
$1 $16 {Strongly threatening b5+.} Bb5 36. Nc5) 35... f5 {And now ...Bb7 would
win.} 36. Nd2 Qxc2 37. Rxe5 {[#]} Bb7 $1 38. Qb3 {[%cal Rb3c2]} Qc7 39. Qb2 (
39. Rc5 $11 Qf4 40. Nf1 Qxb4 41. Qe3) 39... Rgg8 $2 {Black is on the road to
losing.} ({Weaker is} 39... Qc6 40. f3 $16) (39... Qd8 $15 {keeps the upper
hand.} 40. Rb5 Rgh4 $1) 40. f3 $2 (40. Rc5 $1 $18 {[%cal Rc5c7]} Qd8 41. Qe5)
40... f6 $2 {[%mdl 8192]} (40... f4 $11 41. g4 Qd8) 41. Rxe6 $18 Rxg3+ 42. Kf1
$1 ({Not} 42. hxg3 $2 Qxg3+ 43. Kf1 Rh1+ 44. Ke2 Bxf3+ $1 {[%mdl 512]} 45. Nxf3
Qg2+ 46. Ke3 Qxb2 $19) 42... Rxh2 43. Qxf6+ {[%mdl 64] Double Attack} Qf7 44.
Qe5 $1 {[%cal Re5d6]} f4 45. Rf6 {[%mdl 64] Double Attack} Ba6+ 46. Rxa6 {
White mates.} Rh1+ 47. Kf2 Rh2+ 48. Ke1 Rh1+ 49. Nf1 Rxf1+ 50. Kxf1 Qc4+ {[#]}
51. Ke1 $1 ({Wrong is} 51. Kf2 $2 Qc2+ 52. Qe2 {[#]} Rg2+ $3 {[%mdl 512]} 53.
Kxg2 Qxe2+ 54. Kh3 Qxf3+ 55. Kh4 Qxd1 $19) 51... Rg1+ 52. Kf2 Qc2+ 53. Kxg1
Qxd1+ 54. Kf2 {Weighted Error Value: White=0.15/Black=0.31} 1-0

[Event "GCT Sinquefield Cup 2021"]
[Site "Saint Louis"]
[Date "2021.08.19"]
[Round "3.3"]
[White "Vachier-Lagrave, Maxime"]
[Black "Shankland, Sam"]
[Result "1-0"]
[WhiteElo "2751"]
[BlackElo "2709"]
[Annotator "TA"]
[PlyCount "93"]
[EventDate "2021.08.17"]
[EventType "tourn"]
[EventCountry "USA"]
[SourceTitle "playchess.com"]
[Source "ChessBase"]
[SourceQuality "1"]

{[%evp 13,93,20,19,22,24,29,37,41,37,27,18,0,9,0,0,0,-18,-15,-4,-40,-22,-33,0,
0,87,62,82,51,74,0,0,0,0,0,0,0,0,0,0,0,0,0,0,0,0,0,0,0,0,29,220,225,1016,980,
859,604,1275,1114,837,811,593,512,503,486,481,474,474,433,433,433,1168,1231,
2535,2359,1998,1870,29973,29975,29974,29967,29974,11468]} 1. e4 e5 2. Nf3 Nc6
3. Bc4 Bc5 4. c3 Nf6 5. d3 d6 6. O-O a6 7. a4 $1 {[%mdl 4] is now more
promising than 7.Bb3.} h6 8. Re1 {C54: Giuoco Piano: 4 c3 Nf6, main lines with
5 d4 and 5 d3.} Ba7 9. Nbd2 Be6 10. Bxe6 {White is slightly better.} fxe6 11.
Nf1 {[#]} a5 $146 ({Predecessor:} 11... O-O 12. Ng3 Qd7 13. h3 Rf7 14. b4 Raf8
15. b5 Ne7 16. bxa6 bxa6 17. d4 exd4 18. cxd4 {1/2-1/2 (60) Paravyan,D (2627)
-Krejci,J (2570) Prague 2019}) 12. Ng3 Qd7 13. Be3 Bxe3 14. Rxe3 g5 15. d4
O-O-O 16. d5 (16. b4 $5) 16... exd5 17. exd5 Ne7 18. c4 Ng4 (18... c6 $11 {
keeps the balance.}) 19. Rb3 Rdf8 20. Qe1 b6 21. Rb5 (21. Rba3 $16) 21... Nxf2
$1 $11 22. Qxf2 {aiming for Qe2.} (22. Kxf2 $2 g4 $19) 22... g4 23. Nxe5 Qxb5
24. axb5 Rxf2 25. Kxf2 dxe5 {[%mdl 4096] Endgame KRN-KRN} 26. Ke3 {Hoping for
b4!} Rf8 $1 27. Rf1 Rxf1 28. Nxf1 {KN-KN} Nf5+ 29. Kd3 Kd7 30. Nd2 Nd6 31. Ne4
Ke7 {[#] Loses the game.} (31... Ne8 $1 $11) 32. Nxd6 $1 $18 cxd6 {KP-KP} (
32... Kxd6 33. b3 Kc5) 33. Ke4 Kf6 34. b3 Kg6 35. c5 $1 {[%cal Rc5b6]} dxc5 36.
d6 {White threatens d7 and mate.} Kf7 37. Kd5 {Strongly threatening Kc6.} e4 {
[#]} 38. Kc6 $1 {And now d7 would win.} e3 {intending ...e2.} 39. d7 e2 ({
Wrong is} 39... Ke7 $2 40. Kc7) 40. d8=Q e1=Q 41. Kxb6 {KQ-KQ} Qe6+ (41... Qb4
$142 42. Qd5+ Kg6) 42. Ka7 c4 43. bxc4 a4 44. b6 {[%cal Bb5b6,Bb6b7][%mdl 32]}
a3 45. b7 {White mates.} a2 46. Qc7+ Kg6 47. Qa5 {Weighted Error Value:
White=0.09/Black=0.35} 1-0

[Event "GCT Sinquefield Cup 2021"]
[Site "Saint Louis"]
[Date "2021.08.19"]
[Round "3.4"]
[White "Xiong, Jeffery"]
[Black "Dominguez Perez, Leinier"]
[Result "1/2-1/2"]
[WhiteElo "2710"]
[BlackElo "2758"]
[Annotator "TA"]
[PlyCount "68"]
[EventDate "2021.08.17"]
[EventType "tourn"]
[EventCountry "USA"]
[SourceTitle "playchess.com"]
[Source "ChessBase"]
[SourceQuality "1"]

{[%evp 17,68,-4,-8,-2,0,0,3,-6,4,6,20,8,20,5,29,7,7,0,7,7,7,5,4,8,2,0,2,0,0,0,
0,0,0,0,0,0,0,0,0,0,0,0,0,0,0,0,0,0,0,0,0,0,0]} 1. e4 e5 2. Nf3 Nf6 3. Nc3 Nc6
4. d4 exd4 5. Nxd4 Bb4 6. Nxc6 bxc6 7. Bd3 O-O 8. O-O d5 9. exd5 cxd5 10. h3 $1
{[%mdl 4] 10.h3 is setting a new trend. C47: Scotch Four Knights and Four
Knights with 4 g3.} c6 11. Qf3 Bd6 12. Re1 Re8 13. Rxe8+ Qxe8 14. Bf4 Qe7 {[#]}
15. Na4 $146 ({Predecessor:} 15. b3 Bxf4 16. Qxf4 Bb7 17. Na4 c5 18. Qe3 Qxe3
19. fxe3 Rc8 20. c4 dxc4 21. Bxc4 Kf8 22. Rc1 Ke7 23. Bd3 Kd6 24. Rd1 Ke7 25.
Rc1 Kd6 26. Rd1 Ke7 {1/2-1/2 (26) Burg,T (2518)-Van den Doel,E (2573)
Amsterdam 2017}) 15... c5 16. Bxd6 Qxd6 {The position is equal.} 17. c4 Bd7 18.
Nc3 {[%cal Rc3d5]} Rb8 19. Nxd5 Nxd5 20. Rd1 {Black should prevent b3.} Rxb2 {
aiming for ...Ba4.} 21. Be4 {[%mdl 64] [#] Pin} Bc6 22. g3 {[%cal Re4d5]} (22.
Bxd5 {looks sharper.} Bxd5 23. Qc3 Re2 24. g3 g6 25. cxd5 Re7 26. Qc4) 22... g6
23. Bxd5 Bxd5 24. Qxd5 Qxd5 25. Rxd5 Rxa2 26. Rxc5 $11 {[%mdl 4096] Endgame
KR-KR} a5 27. Rc7 Rc2 28. Ra7 Rxc4 29. Rxa5 Kg7 30. h4 h5 31. Kg2 Kg8 32. Kg1
Kg7 33. Kg2 Kg8 34. Kg1 Kg7 {Not much happened in this game.  Weighted Error
Value: White=0.02/Black=0.03} 1/2-1/2

[Event "GCT Sinquefield Cup 2021"]
[Site "Saint Louis"]
[Date "2021.08.19"]
[Round "3.5"]
[White "Caruana, Fabiano"]
[Black "Swiercz, Dariusz"]
[Result "1-0"]
[WhiteElo "2806"]
[BlackElo "2655"]
[Annotator "TA"]
[PlyCount "93"]
[EventDate "2021.08.17"]
[EventType "tourn"]
[EventCountry "USA"]
[SourceTitle "playchess.com"]
[Source "ChessBase"]
[SourceQuality "1"]

{[%evp 11,93,25,25,28,32,23,22,24,27,28,26,19,28,26,20,22,25,33,50,21,54,31,27,
21,22,18,12,19,37,35,47,25,51,23,22,23,30,23,92,85,96,90,96,86,97,93,135,134,
195,149,164,176,215,131,120,106,218,122,333,339,748,717,665,414,468,462,594,
587,1957,1727,1528,1447,5002,4990,4424,3290,29982,29983,29981,29982,29992,
29993,29996,29991]} 1. e4 c5 2. Nf3 Nc6 3. Bb5 e6 4. O-O Nge7 5. d4 cxd4 6.
Nxd4 Qb6 {6...Ng6 gains popularity.} 7. Nxc6 {B30: Sicilian: 2...Nc6 3 Bb5,
lines without ...g6.} bxc6 8. Be2 Ng6 9. c4 {The position is equal.} Be7 10.
Nc3 O-O 11. Rb1 c5 12. Be3 Qc7 13. f4 Bb7 14. g3 {[#]} Rfe8 $146 ({Predecessor:
} 14... a6 15. h4 Rfe8 16. h5 Nf8 17. h6 gxh6 18. Bd3 Ng6 19. Qh5 Kh8 20. Rf2
Rg8 {1/2-1/2 (43) Horvat,M (2459)-Felytin,L (2459) ICCF email 2017}) 15. h4 Nf8
16. Bf3 d6 17. Qd2 a6 18. b3 Rad8 19. Qf2 Nd7 20. Rbd1 Bf6 21. Ne2 Nb6 22. g4
d5 23. g5 Be7 24. f5 {Threatens to win with Bh5.} exf5 (24... Bd6 $11 {keeps
the balance.}) 25. Bf4 $16 (25. cxd5 $6 fxe4 26. Bxe4 Bd6 $14) 25... Bd6 26.
Bxd6 Qxd6 27. exd5 Nd7 28. Bg2 Bc8 29. Nf4 Ne5 {[#]} (29... g6 $16 30. Nd3 a5)
30. b4 $1 $18 cxb4 31. c5 Qb8 32. Rfe1 b3 {[#]} 33. axb3 $1 Qb4 (33... Qxb3 $16
34. Qe3 Qxe3+ 35. Rxe3 Kf8) 34. Re2 ({Better is} 34. Nd3 $18 Qxb3 35. Nxe5 Rxe5
36. c6 (36. Rxe5 Qxd1+ 37. Re1 Qg4 $16)) 34... Ng4 $2 {This move loses the
game for Black.} (34... Bd7 $16) 35. Qd4 Qxb3 $2 {[#]} (35... Qxd4+ 36. Rxd4
Rxe2 37. Nxe2 Ne5) 36. Nh5 $1 {[%csl Gh5][%cal Rd4g7][%mdl 512]} f6 (36... Nf6
37. Rb2) 37. Rxe8+ Rxe8 38. gxf6 {Intending f7+! and mate.} gxf6 39. d6 {
And now Bd5+ would win.} Be6 40. d7 {[%cal Rd7e8]} Rd8 41. c6 Qc2 42. Re1 Kf7
43. Nf4 Bb3 44. c7 {White mates.} Qxc7 45. Bd5+ ({Not} 45. Qb4 Qxd7 46. Qxb3+
Kg7 $14) 45... Bxd5 46. Qxd5+ {[%mdl 64] Double Attack} Kg7 47. Ne6+ {Weighted
Error Value: White=0.13/Black=0.47} 1-0

[Event "GCT Sinquefield Cup 2021"]
[Site "Saint Louis"]
[Date "2021.08.20"]
[Round "4.1"]
[White "Swiercz, Dariusz"]
[Black "Xiong, Jeffery"]
[Result "1-0"]
[WhiteElo "2655"]
[BlackElo "2710"]
[Annotator "TA"]
[PlyCount "107"]
[EventDate "2021.08.17"]
[EventType "tourn"]
[EventCountry "USA"]
[SourceTitle "playchess.com"]
[Source "ChessBase"]
[SourceQuality "1"]

{[%evp 16,107,19,13,33,35,17,0,5,-17,0,0,39,0,61,76,66,47,51,16,24,0,155,123,
120,125,247,122,108,136,243,242,520,371,350,283,430,448,421,441,449,419,428,
420,507,481,664,661,629,79,78,73,333,304,329,317,315,308,301,320,323,320,325,
310,324,298,329,329,323,319,322,308,321,318,301,293,408,421,324,193,210,17,15,
28,770,748,830,674,29976,2118,29982,29983,29983,29984]} 1. e4 c5 2. Nf3 d6 3.
d4 cxd4 4. Nxd4 Nf6 5. Nc3 a6 6. Bg5 e6 7. f4 h6 8. Bh4 Qb6 9. a3 Nbd7 {
B96: Sicilian Najdorf: 6 Bg5 e6 7 f4, lines other than 7...Qb6 and 7...Be7.} (
9... Qxb2 $2 10. Na4 $18) 10. Bf2 Qc7 (10... Qxb2 $2 11. Na4 $18) 11. Bd3 b5 {
The position is equal.} 12. Qe2 Bb7 13. O-O-O Be7 14. Kb1 {[#]} g6 $146 (14...
Nc5 $11) ({Predecessor:} 14... Nc5 15. Rhe1 O-O 16. g4 d5 17. exd5 Nxd5 18.
Nxd5 Bxd5 19. Nf5 exf5 20. Qxe7 Qxe7 21. Rxe7 Nxd3 22. Rxd3 {1/2-1/2 (35)
Alvir,A (2341)-Kiss,A (2383) Austria 2015}) 15. Rhe1 $14 Nc5 16. g4 g5 17. fxg5
hxg5 18. Bg3 O-O-O $2 (18... Nfd7 $11) 19. Rf1 $1 $16 Qb6 20. Nb3 Ncd7 (20...
Rhf8 $16) 21. Bf2 (21. a4 $1 $18) 21... Qc7 22. a4 bxa4 (22... b4 $16) 23. Nxa4
$18 Qc6 (23... Rxh2 24. Bxa6 Ne5) 24. Nc3 Rxh2 25. Na5 Qc7 (25... Qc5 {was
worth a try.}) 26. Nxb7 Kxb7 27. Bxa6+ (27. Qe3 Ra8 $14) 27... Ka8 28. Nb5 Qc6
29. Nd4 $1 {[%cal Rd4c6]} Qb6 {[#]} 30. Rd3 $1 Nc5 (30... Qxa6 31. Ra3 $18) (
30... Rb8 31. Bb5) 31. Ra3 {Black must now prevent Nc6!} Kb8 32. Nf3 $2 (32.
Nb3 $18 {is more deadly.} Rxf2 33. Rxf2 Ncxe4 34. Nd4 $1 {[%mdl 512]}) 32...
Rxf2 $16 33. Qxf2 Nfxe4 $2 {[%mdl 8192]} (33... Kc7 $16 {was called for.}) 34.
Qe3 $1 $18 {aiming for Rb3!} (34. Qd4 $2 Bf6 $19) 34... Kc7 {[#]} 35. Nd4 $1
Rb8 {[%csl Gb8][%cal Rb6b2]} (35... f5 36. Nb5+) 36. Bb5 f5 37. c4 (37. gxf5 $6
e5 $18) 37... d5 {Threatens to win with ...dxc4.} 38. gxf5 e5 39. Nc6 {[%mdl
64] Double Attack} dxc4 40. Nxb8 Qxb5 {[#]} 41. Na6+ $1 {[%mdl 512]} Nxa6 {[#]}
42. Rxa6 {[%mdl 512]} c3 {[%csl Gc3][%cal Rb5b2] [#]} 43. Ra7+ $1 ({Less
strong is} 43. Qa7+ Kc8 $16) 43... Kb8 {[%csl Gc3][%cal Rb5b2] [#]} 44. Ra8+ $3
{[%mdl 576] Decoy} Kxa8 {[%csl Gc3][%cal Rb5b2]} 45. Qxe4+ {[%mdl 4096]
Endgame KQR-KQB} Ka7 {[%csl Gc3][%cal Rb5b2]} 46. Rf2 Bc5 {[#]} 47. Qd5 $1 {
[%mdl 512]} Kb6 48. Qe6+ $2 ({White should try} 48. Rh2 $18 {Strongly
threatening Qd8+.} Qf1+ 49. Kc2 cxb2 50. Qe6+ (50. Kxb2 Bd4+ 51. Ka3 Qa1+ 52.
Kb4 Qc3+ 53. Ka4 Qc6+ 54. Qxc6+ Kxc6 $18) (50. Rh6+ Kb5 $16) 50... Kb5 51. Qb3+
(51. Kxb2 Bd4+ 52. Kc2 Kc5 $11) 51... Bb4 52. Kxb2 Qxf5 53. Qd5+ Ka4 54. Qc4)
48... Ka5 $1 $11 49. Rc2 Ba3 $2 {[%mdl 8192]} (49... Bd4 $11) 50. b3 $18 {
[%cal Bb2b3,Bb3b4][%mdl 32]} Qc5 51. f6 Bb2 {Hoping for ...Qg1+.} 52. Rxb2 (52.
b4+ $142 Qxb4 53. Qxe5+ Ka6 54. Qe6+ Ka5 55. Qe5+ Ka6 56. Qe2+ Ka5 57. Rxb2)
52... cxb2 {[#]} 53. b4+ $1 {[%mdl 64] Promotion} Kxb4 54. Qe7 {Weighted Error
Value: White=0.36/Black=0.63} 1-0

[Event "GCT Sinquefield Cup 2021"]
[Site "Saint Louis"]
[Date "2021.08.20"]
[Round "4.2"]
[White "Caruana, Fabiano"]
[Black "So, Wesley"]
[Result "1/2-1/2"]
[WhiteElo "2806"]
[BlackElo "2772"]
[Annotator "TA"]
[PlyCount "106"]
[EventDate "2021.08.17"]
[EventType "tourn"]
[EventCountry "USA"]
[SourceTitle "playchess.com"]
[Source "ChessBase"]
[SourceQuality "1"]

{[%evp 17,106,0,0,0,6,0,18,0,7,20,32,0,22,24,40,16,40,0,24,15,33,11,0,0,10,4,5,
-18,16,17,0,0,7,13,52,59,84,79,86,83,75,72,77,70,77,69,75,52,52,55,50,40,61,61,
44,2,4,9,56,27,28,28,29,29,29,29,29,27,27,0,0,0,0,0,0,0,0,0,0,0,0,0,0,0,0,0,0,
0,0,0,0]} 1. c4 c5 2. Nf3 Nf6 3. Nc3 Nc6 4. d4 cxd4 5. Nxd4 e6 6. g3 Qb6 7. Nb3
Ne5 8. e4 Bb4 9. Qe2 d6 10. Bd2 {A33: Symmetrical English: 2 Nf3 Nf6 3 d4 cxd4
4 Nxd4 e6 5 Nc3 Nc6.} O-O 11. Bg2 Bd7 12. f4 Ng6 13. Rc1 Bc6 14. a3 {[#]} (14.
Nd4 $5) 14... Bxc3 $146 ({Predecessor:} 14... Bxa3 15. Nb5 a6 16. Nxa3 Qxb3 17.
Bc3 d5 18. exd5 exd5 19. O-O dxc4 20. f5 Qb6+ {0-1 (44) Elwert,H (2681)
-Sanakoev,G (2585) email 1999}) 15. Rxc3 a5 16. Qe3 Ra6 17. c5 dxc5 18. Nxc5
Raa8 19. Nb3 Qxe3+ 20. Rxe3 Ng4 21. Rc3 $36 {[%mdl 2048] Black is under
pressure.} Rfd8 22. Rc4 Bb5 23. Rc5 Ba4 24. h3 Nf6 {[#]} 25. e5 $1 Nd5 (25...
Nd7 26. Rc3) 26. Bxd5 exd5 {[#]} 27. Nd4 b6 28. Rc7 Rac8 29. Rb7 Rb8 30. Rxb8
Rxb8 31. Kf2 Rc8 32. b4 axb4 33. Bxb4 h5 34. Ke3 Rc4 35. h4 Nf8 36. Bxf8 Kxf8
$14 {[%mdl 4096] Endgame KRB-KRN} 37. Rb1 b5 38. Kd3 g6 39. f5 gxf5 40. Rf1 b4
41. axb4 Rxb4 42. Rxf5 Bd1 43. Rf6 {And now e6 would win.} Bg4 {The position
is equal.} 44. Ke3 Rb1 45. Nf5 Rb3+ 46. Kd4 Bxf5 47. Rxf5 Rxg3 48. Rxh5 $11 {
KR-KR} (48. e6 {feels hotter.} f6 49. Rxh5 Ke7 50. Kxd5 Rd3+ 51. Ke4) 48... Kg7
49. Kxd5 Rg4 50. Rg5+ Rxg5 51. hxg5 {Intending Kd6 and mate.} Kg6 52. e6 fxe6+
53. Kxe6 Kxg5 {Weighted Error Value: White=0.08/Black=0.06} 1/2-1/2

[Event "GCT Sinquefield Cup 2021"]
[Site "Saint Louis"]
[Date "2021.08.20"]
[Round "4.3"]
[White "Rapport, Richard"]
[Black "Svidler, Peter"]
[Result "1-0"]
[WhiteElo "2763"]
[BlackElo "2714"]
[Annotator "TA"]
[PlyCount "75"]
[EventDate "2021.08.17"]
[EventType "tourn"]
[EventCountry "USA"]
[SourceTitle "playchess.com"]
[Source "ChessBase"]
[SourceQuality "1"]

{[%evp 9,75,13,19,16,15,16,45,43,38,29,33,33,41,12,32,10,18,8,10,0,0,0,0,-13,0,
-3,0,-22,0,0,0,-12,-8,-35,-35,-60,-20,-26,0,0,0,0,119,118,112,0,80,84,50,9,417,
377,427,353,466,303,295,257,241,160,560,722,702,664,665,658,647,634]} 1. g3 d5
2. Nf3 Nd7 3. d4 Nb6 4. a4 a5 5. Nc3 Nf6 6. Bg2 {[#] D02: 1 d4 d5 2 Nf3
sidelines, including 2...Nf6 3 g3 and 2...Nf6 3 Bf4.} Bf5 $146 ({Predecessor:} 
6... h6 7. O-O Bf5 8. Nh4 Bh7 9. f4 e6 10. f5 Be7 11. Bh3 Qd7 12. Qd3 Qc6 {
1/2-1/2 (63) Firouzja,A (2749)-Wojtaszek,R (2705) Wijk aan Zee 2021}) 7. Nh4 e6
8. Nxf5 {White is slightly better.} exf5 9. Qd3 Qd7 10. O-O Bb4 11. Nd1 O-O 12.
f3 Rfe8 13. Nf2 Qe6 14. Bg5 Nc4 15. c3 Bf8 16. Rae1 Nxb2 17. Qc2 {[%cal Rc2b2]}
Nc4 18. e4 h6 (18... Qc6 {keeps more tension.} 19. e5 Nd7 20. Bh3 h6 21. Bc1
Ndb6) 19. Bxf6 Qxf6 20. e5 Qe6 21. f4 h5 22. h3 g6 23. g4 hxg4 24. hxg4 fxg4 {
And now ...c6 would win.} 25. Qd1 g3 (25... Be7 $11) 26. Ng4 $16 {[%mdl 1024]
White has strong compensation.} Bg7 27. Bh3 (27. Ne3 $16) 27... Qb6 (27... Qe7
$1 $11 {remains equal.}) 28. Qd3 c5 29. Rb1 Qc7 {[%mdl 8192] A mistake that
costs the game.} (29... Qd8 $1 $11 {and Black has nothing to worry.}) 30. f5
$18 Ra6 31. f6 cxd4 32. cxd4 Bf8 33. Qxg3 {Hoping for Qh4.} Nd2 {[#]} 34. Qh4
$1 Ne4 $2 ({Inferior is} 34... Nxb1 35. Nh6+ Bxh6 36. Qxh6 Rxf6 37. exf6 Qg3+
38. Kh1 Qxh3+ 39. Qxh3) (34... Nxf1 $16 35. Rxf1 Qc3) 35. Nh6+ {White is
clearly winning.} Bxh6 36. Qxh6 {[%csl Gf6][%cal Rh6g7]} Nxf6 37. exf6 {
[%csl Gf6][%cal Rh6g7]} Qg3+ {[#]} 38. Bg2 $1 {[%csl Gf6][%cal Rh6g7] Weighted
Error Value: White=0.16/Black=0.55} ({Stronger than} 38. Kh1 Rxf6 39. Rxf6 Re2
$11) 1-0

[Event "GCT Sinquefield Cup 2021"]
[Site "Saint Louis"]
[Date "2021.08.20"]
[Round "4.4"]
[White "Shankland, Sam"]
[Black "Mamedyarov, Shakhriyar"]
[Result "1-0"]
[WhiteElo "2709"]
[BlackElo "2782"]
[Annotator "TA"]
[PlyCount "86"]
[EventDate "2021.08.17"]
[EventType "tourn"]
[EventCountry "USA"]
[SourceTitle "playchess.com"]
[Source "ChessBase"]
[SourceQuality "1"]

{[%evp 9,86,4,30,11,14,10,31,15,30,-12,-12,-12,-12,-12,-12,-12,-14,-20,-7,-11,
-12,-34,20,0,0,-25,17,0,0,0,8,14,50,8,11,8,22,10,17,18,46,52,35,35,34,39,45,48,
62,34,34,36,85,96,95,77,166,173,169,176,203,200,202,194,173,194,202,201,201,
201,201,201,749,744,1245,1198,1110,1110,875]} 1. e4 e5 2. Nf3 Nc6 3. Bb5 Nf6 4.
d3 Bc5 5. c3 d5 6. exd5 {C65: Ruy Lopez: Berlin Defence (3...Nf6), unusual
lines and 4 0-0 Bc5.} Qxd5 {Hoping for ...Bxf2+!} 7. Bc4 Qd8 {[#]} 8. Bg5 $146
{White is slightly better.} ({Predecessor:} 8. O-O O-O 9. Nbd2 a5 10. Qe2 Bd6
11. a4 h6 12. Re1 Re8 13. Bb5 Bg4 14. h3 {1/2-1/2 (41) Wang,H (2737)-Jakovenko,
D (2704) Poikovsky 2019}) 8... h6 9. Bh4 (9. Bxf6 $5 Qxf6 10. Nbd2 $11) 9... g5
10. Bg3 e4 $1 {[%cal Re4f3]} 11. Qe2 Qe7 12. dxe4 Nxe4 13. Nbd2 Nxg3 14. Qxe7+
Bxe7 15. fxg3 Bf5 (15... g4 $15 16. Nh4 Ne5) 16. O-O Bg6 17. Bb5 O-O-O {
With the idea ...g4.} 18. Bxc6 {aiming for Be4.} bxc6 19. Nb3 $1 Rd5 20. Rae1
Bf6 21. Nfd4 Bxd4+ 22. Nxd4 Kb7 23. Nb3 Kb6 24. c4 Rd7 25. a4 {Black must now
prevent a5+.} a5 26. Rf6 {And now c5+ would win.} Ra8 27. Re5 $36 {[%mdl 2048]
Strongly threatening Rb5+. White is pushing.} Rd1+ 28. Kf2 Ra6 $1 29. Rb5+ Ka7
30. Rxa5 Rxa5 31. Nxa5 $14 {[%mdl 4096] Endgame KRB-KRN} Rd2+ 32. Kf3 Rxb2 (
32... c5 $16 {is a better defense.}) 33. Nxc6+ $18 Ka8 34. Ne5 $1 Bc2 35. Nxf7
({Don't do} 35. Rxf7 $6 Bd1+ 36. Ke3 Rxg2 $16) 35... h5 36. Nxg5 Bd1+ 37. Ke3
Re2+ 38. Kd4 Rxg2 39. a5 {[%cal Ba4a5,Ba5a6][%mdl 32] Threatens to win with
Ne6.} Rxh2 40. Ne6 $1 {[%cal Re6c7]} h4 $2 (40... Rd2+ 41. Kc5 Rd7) 41. Nxc7+ {
White is clearly winning.} Kb8 {[#]} 42. Nb5 $1 ({Less strong is} 42. Na6+ Ka7
$18) 42... hxg3 {[#]} 43. a6 $1 {[%cal Rf6f8]} Rh8 {Weighted Error Value:
White=0.08/Black=0.16} 1-0

[Event "GCT Sinquefield Cup 2021"]
[Site "Saint Louis"]
[Date "2021.08.20"]
[Round "4.5"]
[White "Dominguez Perez, Leinier"]
[Black "Vachier-Lagrave, Maxime"]
[Result "1-0"]
[WhiteElo "2758"]
[BlackElo "2751"]
[Annotator "TA"]
[PlyCount "65"]
[EventDate "2021.08.17"]
[EventType "tourn"]
[EventCountry "USA"]
[SourceTitle "playchess.com"]
[Source "ChessBase"]
[SourceQuality "1"]

{[%evp 23,65,24,19,24,20,33,31,4,10,10,10,10,7,12,16,10,12,14,22,10,5,7,9,4,76,
72,73,72,158,154,145,157,186,179,180,179,901,881,833,870,842,842,29995,29996]} 
1. e4 c5 2. Nf3 d6 3. d4 cxd4 4. Nxd4 Nf6 5. Nc3 a6 6. Be3 e5 7. Nb3 Be6 8. f3
Be7 9. Qd2 O-O 10. O-O-O Nbd7 11. g4 b5 12. g5 Nh5 {outshines the older 12...
b4.} 13. Kb1 {B90: Sicilian Najdorf: Unusual White 6th moves, 6 Be3 Ng4 and 6
Be3 e5.} Nb6 14. Na5 Rc8 15. Nd5 {White is slightly better.} Nxd5 16. exd5 Bxd5
17. Qxd5 Qxa5 18. c4 Nf4 19. Bxf4 exf4 20. h4 Qa4 {[#]} 21. Bd3 $1 $146 {
[%mdl 8] h5 is the strong threat. An important novelty.} ({Predecessor:} 21. b3
Qb4 22. Bd3 bxc4 23. Qe4 g6 24. Bxc4 Qc3 25. Rc1 {1/2-1/2 (47) Kryvoruchko,Y 
(2693)-Van Wely,L (2674) Monzon 2016}) 21... bxc4 {[#]} 22. Qe4 {[%csl Gd3]
[%cal Re4h7]} g6 23. Bc2 Qd7 (23... Qe8 $1 $11 {remains equal.}) 24. h5 $1 $16
{[%cal Rh5g6]} Qe6 {[#]} ({Not} 24... Bxg5 $2 25. hxg6 Rce8 26. Qd4 $18 (26.
gxh7+ Kh8 $16)) 25. hxg6 $1 hxg6 (25... Qxe4 $142 26. gxf7+ Kxf7 27. Bxe4 Rh8)
26. Qxf4 {Intending Qh4 and mate.} ({Inferior is} 26. Qd4 Qe5 $17) 26... Qe5
27. Qh4 {[%csl Gh1][%cal Rh4h7][%mdl 1024] White has strong compensation.} Qg7
28. Rd2 $40 {[%cal Bd1d2,Bd2h2,Bh2h6][%mdl 160] And now Rdh2 would win. White
attacks with force.} Rc5 {[#]} 29. f4 {Strongly threatening Rdh2.} f6 $2 (29...
Rb8 30. b3 cxb3 31. Bxb3 Ra5) 30. Rdh2 fxg5 31. Qe1 {White threatens Qe6+ and
mate.} Bf6 32. Rh6 Qb7 33. Qe6+ {[%mdl 64] Double Attack.  Weighted Error
Value: White=0.02/Black=0.63} 1-0